Co je a k čemu je vyšší matematika
Prakticky zaměřený výklad základních pojmů a skutečností z oblasti vyšší matematiky.
Saved in:
| Main Author | |
|---|---|
| Format | Book |
| Language | Czech |
| Published |
Praha :
Academia,
2001
|
| Edition | Vyd. 1. |
| Series | Česká matice technická
|
| Subjects | |
| ISBN | 8020008837 |
| Physical Description | 156 s. : il. ; 24 cm |
| LEADER | 00000cam a2200000 a 4500 | ||
|---|---|---|---|
| 001 | 21717 | ||
| 003 | CZ-ZlUTB | ||
| 005 | 20190825234206.0 | ||
| 007 | ta | ||
| 008 | 011001s2001 xr a e p 001 0 cze d | ||
| 015 | |a cnb000889672 | ||
| 020 | |a 8020008837 |q (váz.) | ||
| 035 | |a (OCoLC)50344828 | ||
| 040 | |a OSA001 |b cze |c OSA001 |d ZLD002 | ||
| 072 | 7 | |a 517 |x Matematická analýza |2 Konspekt |9 13 | |
| 072 | 7 | |a 37.016 |x Učební osnovy. Vyučovací předměty. Učebnice |2 Konspekt |9 22 | |
| 080 | |a 517.3 |2 MRF | ||
| 080 | |a 517.91 |2 MRF | ||
| 080 | |a 517.2 |2 MRF | ||
| 080 | |a (075) |2 MRF | ||
| 100 | 1 | |a Rektorys, Karel, |d 1923-2004 |7 jk01102312 |4 aut | |
| 245 | 1 | 0 | |a Co je a k čemu je vyšší matematika / |c Karel Rektorys |
| 250 | |a Vyd. 1. | ||
| 260 | |a Praha : |b Academia, |c 2001 | ||
| 300 | |a 156 s. : |b il. ; |c 24 cm | ||
| 490 | 1 | |a Česká matice technická ; |v roč. 106/2001, č. spisu 488 | |
| 504 | |a Obsahuje bibliografii a rejstřík | ||
| 520 | |a Prakticky zaměřený výklad základních pojmů a skutečností z oblasti vyšší matematiky. | ||
| 650 | 0 | 7 | |a integrální počet funkcí jedné proměnné |7 ph135783 |2 czenas |
| 650 | 0 | 7 | |a obyčejné diferenciální rovnice |7 ph123625 |2 czenas |
| 650 | 0 | 7 | |a diferenciální počet funkcí jedné proměnné |7 ph135785 |2 czenas |
| 650 | 0 | 9 | |a integral calculus of one variable |2 eczenas |
| 650 | 0 | 9 | |a ordinary differential equations |2 eczenas |
| 650 | 0 | 9 | |a differential calculus of one variable |2 eczenas |
| 655 | 7 | |a učebnice |7 fd133770 |2 czenas | |
| 655 | 9 | |a textbooks |2 eczenas | |
| 830 | 0 | |a Česká matice technická | |
| 910 | |a ZLD002 | ||
| 952 | |0 0 |1 0 |4 0 |6 517REKTORYSK |7 0 |8 BOOK |9 38343 |a UTBZL |b UTBZL |c 005 |d 2006-07-29 |l 0 |o 517/REKTORYS,K. |p 420010084798 |r 2019-08-25 00:00:00 |v 168.00 |w 2019-08-25 |x N:nákup | 20100831 |y 01 | ||
| 952 | |0 0 |1 0 |4 0 |6 517REKTORYSK |7 0 |8 BOOK |9 38344 |a UTBZL |b UTBZL |c 006 |d 2006-07-29 |l 5 |o 517/REKTORYS,K. |p 420010084794 |r 2019-08-25 00:00:00 |v 168.00 |w 2019-08-25 |x N:nákup |y 04 | ||
| 952 | |0 0 |1 0 |4 0 |6 517REKTORYSK |7 0 |8 BOOK |9 38345 |a UTBZL |b UTBZL |c 006 |d 2006-07-29 |l 2 |o 517/REKTORYS,K. |p 420010084796 |r 2019-08-25 00:00:00 |v 168.00 |w 2019-08-25 |x N:nákup, převod z FAI Ostravský 5.1.2015; | 20100630 |y 04 | ||
| 952 | |0 0 |1 0 |4 0 |6 517REKTORYSK |7 0 |8 BOOK |9 38346 |a UTBZL |b UTBZL |c 006 |d 2006-07-29 |l 11 |o 517/REKTORYS,K. |p 420010084797 |r 2019-08-25 00:00:00 |v 168.00 |w 2019-08-25 |x N:nákup | 20100831 |y 04 | ||
| 952 | |0 0 |1 0 |4 0 |6 517REKTORYSK |7 0 |8 BOOK |9 38347 |a UTBZL |b UTBZL |c 007 |d 2006-07-29 |l 1 |m 3 |o 517/REKTORYS,K. |p 420010084793 |q 2029-12-31 |r 2019-08-25 00:00:00 |v 168.00 |w 2019-08-25 |x N:nákup | 20100630 |y 08 | ||
| 952 | |0 0 |1 0 |4 0 |6 517REKTORYSK |7 0 |8 BOOK |9 38348 |a UTBZL |b UTBZL |c 007 |d 2006-07-29 |l 0 |o 517/REKTORYS,K. |p 420010084795 |q 2099-12-31 |r 2019-08-25 00:00:00 |v 168.00 |w 2019-08-25 |x N:nákup | 20100630 |y 08 | ||
| 992 | |a BK |b SK |d 19 | ||
| 999 | |c 21717 |d 21717 | ||